| 000 | 00376nam a2200157Ia 4500 | ||
|---|---|---|---|
| 008 | 180424s9999 xx 000 0 und d | ||
| 084 | _a925 F2 | ||
| 245 | 0 | _aGreat American Scientists | |
| 250 | _a\\196100ENGGPSX | ||
| 260 | _aPrentice Hall | ||
| 260 | _b1961 | ||
| 260 | _cEnglewood Cliffs | ||
| 300 | _a144p | ||
| 500 | _aincludes index and biblioraphy | ||
| 942 | _cBK | ||
| 999 |
_c30842 _d30842 |
||